Wszystkie skiny do AUG w CS:GO - Statystyki

Ogólne statystyki
  • Ten quiz został rozwiązany 8 razy
  • Średni wynik to 6 z 32
Statystyki odpowiedzi
Jakość Skin % Poprawnych
Czerwony Chameleon
86%
Fioletowy Aristocrat
57%
Fioletowy Torque
57%
Niebieski Storm
43%
Różowy Syd Mead
43%
Niebieski Triqua
43%
Niebieski Wings
43%
Fioletowy Arctic Wolf
29%
Różowy Bengal Tiger
29%
Różowy Fleet Flock
29%
Niebieski Ricochet
29%
Różowy Stymphalian
29%
Niebieski Tom Cat
29%
Czerwony Akihibara Accept
14%
Niebieski Amber Slipstream
14%
Niebieski Contractor
14%
Różowy Death by Puppy
14%
Niebieski Hot Rod
14%
Różowy Momentum
14%
Niebieski Anodized Navy
0%
Niebieski Carved Jade
0%
Niebieski Colony
0%
Niebieski Condemned
0%
Niebieski Copperhead
0%
Niebieski Daedalus
0%
Fioletowy Flame Jormungandr
0%
Fioletowy Midnight Lily
0%
Niebieski Navy Murano
0%
Niebieski Radiation Hazard
0%
Fioletowy Random Access
0%
Niebieski Surveillance
0%
Niebieski Sweeper
0%
Nie znaleziono quizów pasujących do podanych kryteriów
Rozkład punktacji
Procent ludzi z każdym wynikiem
Percentyl według liczby udzielonych odpowiedzi
Twoja historia wyników
Nie rozwiązałeś tego quizu